Christians Meeting Hindus: an Analysis and Theological Critique of the Hindu-Christian Encounter in india (Record no. 19657)
[ view plain ]
| 000 -LEADER | |
|---|---|
| fixed length control field | 00394nam a22001217a 4500 |
| 020 ## - INTERNATIONAL STANDARD BOOK NUMBER | |
| ISBN | 9781610975964 |
| 082 ## - DEWEY DECIMAL CLASSIFICATION NUMBER | |
| Classification number | 291.172 ROB |
| 100 ## - MAIN ENTRY--AUTHOR NAME | |
| Author name | Robinson, Bob |
| 245 ## - TITLE STATEMENT | |
| Title | Christians Meeting Hindus: an Analysis and Theological Critique of the Hindu-Christian Encounter in india |
| 260 ## - PUBLICATION, DISTRIBUTION, ETC. (IMPRINT) | |
| Place of publication | Eugene |
| Name of publisher | Regnum Books International |
| Year of publication | 2004 |
| 650 ## - SUBJECT ADDED ENTRY--TOPICAL TERM | |
| Topical Term | Interfaith Dialogue-Christian Hindu |
| 942 ## - ADDED ENTRY ELEMENTS (KOHA) | |
| Koha item type | Books |
| Home library | Current library | Date acquired | Cost, normal purchase price | Full call number | Accession Number | Koha item type |
|---|---|---|---|---|---|---|
| Henry Martyn Institute Library | Henry Martyn Institute Library | 08/20/2015 | 0.00 | 291.172 ROB | 11003301 | Books |
